000 00727nam a2200229Ia 4500
003 OSt
005 20220925201349.0
006 a|||||r|||| 00| 0
007 ta
008 220923b |||||||| |||| 00| 0 eng d
037 _cGeneral Book
040 _aRTL
_cRTL
_beng
041 _2eng
_aeng
082 _aV2,45wN16, L0/GD
110 _aIndia, Inquiry (Commission of-)
_9260523
245 0 _aReport regarding the facts and circumstances relating to the death of Shri Deen Dayal Upadhaya
260 _aDelhi
_bManager Of Publication India
_c1970
300 _a160p
_ccm.
700 _aIndia, Inquiry (Commission of-)
_9260524
942 _hV2,45wN16, L0/GD
_cGB
_2CC
999 _c539887
_d539887